1353 1213 1627 1450 1965 1053 1700 1228 1548 1695 1424 1967 1197 1051 1341 1040 1257 1750 1617 1983 1428 1011 1218 1244 1730 1958 1524 1043 1879 1064 1312 1915 1359 1455 1865 1557 1473 1422 1809 1457 1605 1692 1338 1851 1830 1436 1021 1712 1015 1356 1604 1172 1481 1769 1261 1828 1640 1996 1254 1194 1763 1226 1982 1164 1105 1877 1432 1787 1644 1203 1781 1772 1551 1398 1614 1889 1224 1160 1052 1203 1844 1867 1129 1190 1208 1679 1425 1408 1218 1781 1399 1208 1784 1829 1694 1994 1111 1814 1514 BCNSPRNW ULIB Ver.6.0+V

เปลี่ยนเป็นภาษาไทย

Change to English
 แสดงรายละเอียดบรรณานุกรม
  กลับหน้าหลัก

Brief Record : Get Marc (ISO 2709) : E-mail record : QR code < ปิดหน้าต่าง
LEADER : 00000nam 2200000uu 4500
001    13399108965
003     ULIB
008    110317s2545||||th 000 0 tha d
020    9747888602
060  4 WA32JT3^bศ841ค 2545
100 0  เฉลิมชาติ แจ่มจรรยา
245 00 คู่มือแนวทางการยกร่างข้อกำหนดของท้องถิ่นตามพระราชบัญญัติการสาธารณสุข พ.ศ.2535/^cเฉลิมชาติ แจ่มจรรยา และคณะ
250    พิมพ์ครั้งที่ 5
260    นนทบุรี:^bศูนย์บริหารกฎหมายสาธารณสุข,^c2545
300    142 หน้า
650  7 พระราชบัญญัติการสาธารณสุข
700 0  ศุมล ศรีสุขวัฒนา
700 0  สมชาย ตู้แก้ว
700 0  ลาวัณย์ ขำเลขะสิงห์
710 1  กรมอนามัย^bศูนย์บริหารกฎหมายสาธารณสุข
945    ^p0^l0^i016961
945    ^p0^l0^i016960
995    ทศพร
999 ^a ใช้งานได้ทุกระบบ
รายการนี้ยังไม่มีแท็ก
คุณยังไม่ได้ล็อกอิน คุณสามารถมีกิจกรรมร่วมกับเว็บไซต์ได้ แต่ต้องล็อกอินก่อน ::
  ล็อกอิน

รายการสื่อสารสนเทศ

ลำดับที่ ประเภท เลขเรียก/บาร์โค้ด สถานที่ สถานะ
- ไม่พบข้อมูล -

รายการใกล้เคียง
    ผู้แต่ง [เฉลิมชาติ แจ่มจรรยา]

    หัวเรื่อง [พระราชบัญญัติการสาธารณสุข]

BibComment


ยังไม่เคยถูกคอมเมนท์

คอมเมนท์ทรัพยากรรายการนี้
  คอมเมนท์: คู่มือแนวทางการยก..


 Copyright 2026. Bcnsprnw @Library